| 000 | 00978nam a22002417a 4500 | ||
|---|---|---|---|
| 005 | 20240814175139.0 | ||
| 008 | s2532 th thaeng | ||
| 020 | _a9748688267 | ||
| 041 | _athaeng | ||
| 100 | 0 | _aธง วิทัยวัฒน์ | |
| 245 | 1 | 0 | _aข้อสอบอัยการ วิชาภาษาอังกฤษ พร้อมคำตอบ คำศัพท์ และสำนวนที่ควรรู้ |
| 260 | 3 |
_aกรุงเทพฯ : _bนิติธรรม, _c2532 |
|
| 300 |
_a240 หน้า ; _b 21 ซม. |
||
| 650 | 0 | 4 | _aอัยการ -- ข้อสอบและเฉลย |
| 650 | 0 | 4 | _aอัยการ |
| 650 | 0 | 4 | _aภาษาอังกฤษ -- สำนวนโวหาร |
| 650 | 0 | 4 | _aอัยการ -- คำศัพท์ |
| 850 | _aNALT | ||
| 942 |
_cLB _02 |
||
| 997 | _c000000000017840 | ||
| 998 |
_aSAIPHON DEENGAM _j25 _k นีลวัสน์ อินทรักษา |
||
| 999 |
_c17840 _d17840 |
||
| 090 | _aKU125 ธ112ข 2532 | ||